000 00455nam a22001457a 4500
999 _c30696
_d30696
008 201006b ||||| |||| 00| 0 eng d
050 _aLC 65 .E26 2020
245 _aThe economics of education:
_b a comprehensiveoverview/
250 _a2rd ed
260 _aLondon:
_bElsevier,
_cc2020.
300 _axvii,583p:
_bill;
_c22cm
504 _aIncludes index.
650 _aEducation,economic concept.
942 _2lcc
_cBOOKS
_hLC 65 .E26 2020